[Event "IX American Continental Classical Championship 201"]
[Site "Hotel Pipa AtlÃ¢ntico - Praia da Pipa - Rio Grande"]
[Date "2014.10.21"]
[Round "5"]
[Board "20"]
[White "Jodorcovsky Werjivker, Paulo"]
[Black "Valdes Escobar, Alvaro"]
[Result "0-1"]
[WhiteElo "2170"]
[BlackElo "2378"]
[PlyCount "78"]
[EventDate "2014.10.18"]
[EventRounds "11"]
[EventCountry "BRA"]

1. d4 Nf6 2. Nf3 e6 3. e3 b6 4. Bd3 Bb7 5. O-O Be7 6. c4 O-O 7. Nc3 d5 8. cxd5
exd5 9. b3 Nbd7 10. Bb2 Re8 11. Re1 a6 12. Ne2 Bd6 13. Ng3 g6 14. Rc1 Ne4 15.
Re2 h5 16. Rec2 h4 17. Nf1 Rc8 18. h3 f5 19. N1h2 Re6 20. Qf1 a5 21. Nd2 Qe7
22. Nhf3 g5 23. Be2 Nxd2 24. Nxd2 c6 25. Nf3 Rf8 26. Qd1 Bb8 27. Bd3 Rf7 28.
Kf1 Qf6 29. Rd2 Rg7 30. Qc2 Rf7 31. Qc3 g4 32. Ng1 f4 33. e4 f3 34. e5 fxg2+
35. Kxg2 gxh3+ 36. Kxh3 Qf4 37. Re1 Rg7 38. Be2 Nxe5 39. dxe5 Rxe5 0-1

[Event "IX American Continental Classical Championship 201"]
[Site "Hotel Pipa AtlÃ¢ntico - Praia da Pipa - Rio Grande"]
[Date "2014.10.21"]
[Round "5"]
[Board "21"]
[White "Quintiliano Pinto, Renato R."]
[Black "Aliaga Fernandez, Ingrid Y"]
[Result "1-0"]
[WhiteElo "2378"]
[BlackElo "2181"]
[PlyCount "63"]
[EventDate "2014.10.18"]
[EventRounds "11"]
[EventCountry "BRA"]

1. d4 d5 2. c4 dxc4 3. Nf3 Nf6 4. e3 e6 5. Bxc4 c5 6. O-O a6 7. Bb3 b5 8. a4
Bb7 9. axb5 axb5 10. Rxa8 Bxa8 11. Qe2 c4 12. Bc2 Nbd7 13. b3 cxb3 14. Bxb3 b4
15. Nbd2 Be7 16. e4 O-O 17. Bb2 Qb8 18. Ne1 Qb7 19. f3 Rc8 20. Nd3 Qb5 21. Ra1
Bc6 22. d5 exd5 23. e5 Ne8 24. e6 Ndf6 25. exf7+ Kxf7 26. Re1 Bc5+ 27. Kh1 Bd7
28. Ne4 Bf8 29. Qd2 Kg8 30. Nf4 Nxe4 31. Bxd5+ Kh8 32. Ng6+ 1-0

[Event "IX American Continental Classical Championship 201"]
[Site "Hotel Pipa AtlÃ¢ntico - Praia da Pipa - Rio Grande"]
[Date "2014.10.21"]
[Round "5"]
[Board "22"]
[White "Azevedo Junior, Jose Ferreira"]
[Black "Castro, Oscar H."]
[Result "0-1"]
[WhiteElo "2088"]
[BlackElo "2359"]
[PlyCount "80"]
[EventDate "2014.10.18"]
[EventRounds "11"]
[EventCountry "BRA"]

1. d4 d5 2. Nf3 Nc6 3. Bf4 Bf5 4. c3 e6 5. e3 Bd6 6. Bxd6 cxd6 7. Bd3 Bg6 8.
Bxg6 hxg6 9. Nbd2 g5 10. Qb3 g4 11. Ng1 Qc7 12. Ne2 f5 13. Nf4 Rh6 14. O-O-O g5
15. Nd3 O-O-O 16. Kb1 Nf6 17. Rc1 Kb8 18. c4 Ne4 19. Nxe4 dxe4 20. Nb4 Nxb4 21.
Qxb4 Qb6 22. Qa4 Rc8 23. c5 Qc6 24. Qa5 d5 25. b4 a6 26. g3 Rch8 27. Kc2 Qb5
28. Qxb5 axb5 29. Kd2 Kc7 30. a4 bxa4 31. Ra1 Ra8 32. b5 Ra5 33. b6+ Kc6 34.
Kc3 e5 35. Ra2 exd4+ 36. Kxd4 Rxc5 37. Rxa4 Kd6 38. Rb4 Rh8 39. Ra1 Rhc8 40.
Raa4 Rc3 0-1

[Event "IX American Continental Classical Championship 201"]
[Site "Hotel Pipa AtlÃ¢ntico - Praia da Pipa - Rio Grande"]
[Date "2014.10.21"]
[Round "5"]
[Board "23"]
[White "Umetsubo, Cesar Hidemitsu"]
[Black "Parente, Renan Braz"]
[Result "1/2-1/2"]
[WhiteElo "2355"]
[BlackElo "2071"]
[PlyCount "143"]
[EventDate "2014.10.18"]
[EventRounds "11"]
[EventCountry "BRA"]

1. d4 Nf6 2. Nf3 g6 3. Bf4 Bg7 4. e3 O-O 5. Be2 d6 6. h3 c5 7. c3 Nc6 8. dxc5
dxc5 9. Nbd2 Bf5 10. Qb3 Qc8 11. Qa3 Nd7 12. e4 e5 13. Be3 Be6 14. Bxc5 Nxc5
15. Qxc5 Bh6 16. Rd1 b6 17. Qa3 f5 18. Qa6 fxe4 19. Nxe4 Qxa6 20. Bxa6 Rad8 21.
Rxd8 Rxd8 22. Bb5 Na5 23. b3 Bf5 24. Nfg5 Bxg5 25. Nxg5 Bb1 26. b4 h6 27. Nf3
Nb7 28. Bc4+ Kg7 29. Ke2 Nd6 30. Rd1 Kf6 31. Bb3 Bf5 32. Nh2 e4 33. Nf1 Bc8 34.
a4 Ba6+ 35. b5 Bb7 36. Ne3 a6 37. Bd5 axb5 38. axb5 Nxb5 39. Bxb7 Nxc3+ 40. Ke1
Nxd1 41. Nxd1 Ke5 42. Nc3 Kd4 43. Ne2+ Ke5 44. Ng3 Rd4 45. Ke2 Kf4 46. Nf1 Rb4
47. Nd2 Rd4 48. g3+ Kf5 49. Ke3 Rd3+ 50. Ke2 Rd4 51. Bc8+ Kf6 52. Ba6 Ra4 53.
Bc4 Ke5 54. Bf7 g5 55. Nc4+ Kf6 56. Bd5 b5 57. Nd2 Ke5 58. Bc6 Ra2 59. Ke3 Ra3+
60. Ke2 Ra2 61. Bxb5 Kd4 62. Bc6 e3 63. fxe3+ Kc3 64. e4 Rxd2+ 65. Kf3 Rd6 66.
Bd5 Kd4 67. Kg4 Ke5 68. Kh5 Rf6 69. Kg4 Ra6 70. Kh5 Ra3 71. Kg4 Kf6 72. h4
 1/2-1/2

[Event "IX American Continental Classical Championship 201"]
[Site "Hotel Pipa AtlÃ¢ntico - Praia da Pipa - Rio Grande"]
[Date "2014.10.21"]
[Round "5"]
[Board "24"]
[White "Okamura, Milton Kasuo"]
[Black "Macedo, Maximo Iack"]
[Result "0-1"]
[WhiteElo "2085"]
[BlackElo "2336"]
[PlyCount "90"]
[EventDate "2014.10.18"]
[EventRounds "11"]
[EventCountry "BRA"]

1. d4 e6 2. c4 b6 3. Nc3 Bb7 4. a3 Nf6 5. Bg5 h6 6. Bh4 Be7 7. e3 O-O 8. Nf3 c5
9. d5 Nxd5 10. cxd5 Bxh4 11. Nxh4 Qxh4 12. g3 Qe7 13. Bg2 d6 14. O-O e5 15. Qc2
Nd7 16. Rfd1 Nf6 17. Rac1 Bc8 18. h3 Bd7 19. Bf1 Nh7 20. Kh2 f5 21. Re1 Ng5 22.
Bg2 e4 23. Qe2 Nf7 24. f3 exf3 25. Bxf3 Ne5 26. Bg2 Rae8 27. Rf1 Rf6 28. e4
Ref8 29. exf5 Bxf5 30. Ne4 Bxe4 31. Rxf6 Rxf6 32. Bxe4 Qf7 33. Kg2 g6 34. Rc2
Kg7 35. Rc1 Qe7 36. Ra1 Nd7 37. Re1 Ne5 38. Rf1 Rxf1 39. Kxf1 Nf7 40. Qc2 Qf6+
41. Kg1 b5 42. h4 Qd4+ 43. Kg2 Ne5 44. Kf1 Nc4 45. Qc3 Nd2+ 0-1

[Event "IX American Continental Classical Championship 201"]
[Site "Hotel Pipa AtlÃ¢ntico - Praia da Pipa - Rio Grande"]
[Date "2014.10.21"]
[Round "5"]
[Board "25"]
[White "Perez Gormaz, Matias"]
[Black "Abdalla, Jose Lucas Aurelli"]
[Result "1/2-1/2"]
[WhiteElo "2327"]
[BlackElo "2100"]
[PlyCount "71"]
[EventDate "2014.10.18"]
[EventRounds "11"]
[EventCountry "BRA"]

1. e4 c5 2. Nf3 g6 3. d4 cxd4 4. Nxd4 Bg7 5. c4 Nc6 6. Be3 d6 7. Nc3 Nf6 8. Be2
O-O 9. O-O Bd7 10. Qd2 Nxd4 11. Bxd4 Bc6 12. f3 Nd7 13. Be3 a5 14. b3 Nc5 15.
Rab1 Be5 16. Rfd1 e6 17. Bd4 Qf6 18. Bxe5 dxe5 19. Qe3 Qe7 20. Nd5 exd5 21.
cxd5 Ne6 22. dxe6 Qxe6 23. Rbc1 Qe7 24. Rc5 f6 25. Qc3 Rac8 26. Qxa5 Ra8 27.
Qc3 Rxa2 28. b4 Kh8 29. Bc4 Raa8 30. Be2 Ra2 31. Bc4 Raa8 32. Bf1 Rfd8 33.
Rxd8+ Qxd8 34. Rxe5 fxe5 35. Qxe5+ Kg8 36. Bc4+ 1/2-1/2

[Event "IX American Continental Classical Championship 201"]
[Site "Hotel Pipa AtlÃ¢ntico - Praia da Pipa - Rio Grande"]
[Date "2014.10.21"]
[Round "5"]
[Board "26"]
[White "Abdalla, Luiz Guilherme Aurell"]
[Black "Fiora, Emilio"]
[Result "1/2-1/2"]
[WhiteElo "2302"]
[BlackElo "2058"]
[PlyCount "92"]
[EventDate "2014.10.18"]
[EventRounds "11"]
[EventCountry "BRA"]

1. d4 d5 2. c4 Bf5 3. cxd5 Bxb1 4. Qa4+ Qd7 5. Qxd7+ Nxd7 6. Rxb1 Ngf6 7. Nf3
Nb6 8. g3 Nbxd5 9. Bg2 e6 10. O-O Be7 11. Ne5 O-O 12. e4 Nb4 13. a3 Nc2 14. Rd1
c5 15. d5 Rfd8 16. Nc4 exd5 17. exd5 Nd4 18. Be3 Nxd5 19. Bxd4 cxd4 20. Rxd4
Nb6 21. Nxb6 axb6 22. Rbd1 Bf6 23. Rxd8+ Rxd8 24. Rxd8+ Bxd8 25. Kf1 Bf6 26. b3
Bb2 27. a4 Kf8 28. Ke2 Bd4 29. Bxb7 Ke7 30. Bd5 f6 31. Bg8 h6 32. f3 Kd6 33.
Kd3 Bg1 34. h3 Bh2 35. g4 Ke5 36. Kc4 Kf4 37. Bd5 Kg3 38. Kb5 Bg1 39. b4 Kxh3
40. a5 bxa5 41. bxa5 Kh4 42. Kc6 g6 43. Bf7 Kg5 44. Kd5 h5 45. gxh5 gxh5 46.
f4+ Kxf4 1/2-1/2

[Event "IX American Continental Classical Championship 201"]
[Site "Hotel Pipa AtlÃ¢ntico - Praia da Pipa - Rio Grande"]
[Date "2014.10.21"]
[Round "5"]
[Board "27"]
[White "Paveto, Kevin"]
[Black "Arango, Andres Mauricio"]
[Result "1-0"]
[WhiteElo "2426"]
[BlackElo "2111"]
[PlyCount "77"]
[EventDate "2014.10.18"]
[EventRounds "11"]
[EventCountry "BRA"]

1. e4 c5 2. Nf3 e6 3. d4 cxd4 4. Nxd4 Nf6 5. Bd3 Nc6 6. Nxc6 bxc6 7. O-O d5 8.
Nd2 Be7 9. Qe2 Nd7 10. c4 Bb7 11. Bc2 a5 12. b3 O-O 13. Bb2 a4 14. f4 a3 15.
Bd4 c5 16. Bf2 d4 17. e5 Ra6 18. Ne4 g6 19. Rad1 Qb6 20. Rd3 Bxe4 21. Qxe4 f5
22. exf6 Bxf6 23. Rh3 Rf7 24. Qe2 Qd6 25. Rf3 Qe7 26. Be4 Rb6 27. g4 Bg7 28. g5
Nb8 29. h4 Nc6 30. h5 gxh5 31. Bh4 Qd6 32. f5 Nb4 33. f6 Bf8 34. g6 hxg6 35.
Bxg6 Rbb7 36. Rg3 e5 37. Bxf7+ Kxf7 38. Qxh5+ Ke6 39. Qe8+ 1-0

[Event "IX American Continental Classical Championship 201"]
[Site "Hotel Pipa AtlÃ¢ntico - Praia da Pipa - Rio Grande"]
[Date "2014.10.21"]
[Round "5"]
[Board "28"]
[White "Cori T., Deysi"]
[Black "Macedo, Maximo Valerio"]
[Result "1-0"]
[WhiteElo "2411"]
[BlackElo "2085"]
[PlyCount "51"]
[EventDate "2014.10.18"]
[EventRounds "11"]
[EventCountry "BRA"]

1. d4 f5 2. c4 Nf6 3. Nc3 g6 4. Bf4 Bg7 5. Qd2 d6 6. Bh6 Bxh6 7. Qxh6 e5 8.
dxe5 dxe5 9. h4 Qe7 10. h5 Nxh5 11. Nd5 Qf7 12. Nf3 Na6 13. Rxh5 c6 14. Nxe5
Qe6 15. Qxg6+ Qxg6 16. Nxg6 Rg8 17. Nf6+ Kf7 18. Nxg8 hxg6 19. Nh6+ Kg7 20. Rh2
b6 21. Rd1 Nc5 22. Rd6 a5 23. g4 Kf8 24. gxf5 gxf5 25. Nxf5 Bxf5 26. Rh8+ 1-0

[Event "IX American Continental Classical Championship 201"]
[Site "Hotel Pipa AtlÃ¢ntico - Praia da Pipa - Rio Grande"]
[Date "2014.10.21"]
[Round "5"]
[Board "29"]
[White "Bastos, Werton Alvarenga"]
[Black "Abarca Gonzalez, Nicolas"]
[Result "0-1"]
[WhiteElo "2071"]
[BlackElo "2328"]
[PlyCount "66"]
[EventDate "2014.10.18"]
[EventRounds "11"]
[EventCountry "BRA"]

1. c4 e5 2. g3 Nf6 3. Bg2 d5 4. cxd5 Nxd5 5. Nc3 Nb6 6. Nf3 Nc6 7. d3 Be6 8.
Be3 Be7 9. a3 O-O 10. O-O f5 11. b4 Bf6 12. Rc1 g5 13. Nd2 Qe8 14. Nb3 f4 15.
Bd2 Be7 16. Ne4 Bd5 17. Nbc5 Nd4 18. a4 Qh5 19. f3 Rad8 20. Nc3 Bc6 21. Nb5
Bxb5 22. axb5 Nd5 23. Nxb7 Rb8 24. Nc5 Rf6 25. g4 Qe8 26. Ra1 Qxb5 27. Ra5 Qc6
28. Ne4 Rh6 29. h3 Bxb4 30. Rxa7 Qb6 31. Ra4 Bxd2 32. Nxd2 Nc3 33. Nc4 Qc5 0-1

[Event "IX American Continental Classical Championship 201"]
[Site "Hotel Pipa AtlÃ¢ntico - Praia da Pipa - Rio Grande"]
[Date "2014.10.21"]
[Round "5"]
[Board "30"]
[White "Cuellar, Diego"]
[Black "Pinto, Rafael Henrique"]
[Result "1-0"]
[WhiteElo "2302"]
[BlackElo "2042"]
[PlyCount "67"]
[EventDate "2014.10.18"]
[EventRounds "11"]
[EventCountry "BRA"]

1. e4 e5 2. Nf3 Nc6 3. d4 exd4 4. Nxd4 Nf6 5. Nxc6 bxc6 6. e5 Qe7 7. Qe2 Nd5 8.
c4 Ba6 9. b3 g6 10. f4 Bg7 11. Qf2 Nb6 12. Ba3 Qe6 13. Nc3 d6 14. Bd3 f5 15.
O-O-O dxe5 16. fxe5 O-O-O 17. Rhe1 Rd7 18. Bb2 Rhd8 19. Kc2 Re7 20. Ne2 Qg8 21.
Nd4 Bb7 22. Nf3 Kb8 23. Bd4 Ka8 24. a4 Ba6 25. Bc3 Nd7 26. Rd2 c5 27. Bb2 Qe6
28. Bf1 Bb7 29. Ba3 Qb6 30. Bxc5 Be4+ 31. Rxe4 Nxc5 32. Rxd8+ Kb7 33. Re3 Nxb3
34. Rxb3 1-0

[Event "IX American Continental Classical Championship 201"]
[Site "Hotel Pipa AtlÃ¢ntico - Praia da Pipa - Rio Grande"]
[Date "2014.10.21"]
[Round "5"]
[Board "31"]
[White "Llorens Sepulveda, Marcelo"]
[Black "Magas Varas, Rodrigo"]
[Result "1-0"]
[WhiteElo "2275"]
[BlackElo "2041"]
[PlyCount "69"]
[EventDate "2014.10.18"]
[EventRounds "11"]
[EventCountry "BRA"]

1. e4 c5 2. Nf3 e6 3. d3 Nc6 4. g3 g6 5. Bg2 Bg7 6. O-O Nge7 7. Re1 d6 8. c3 e5
9. a3 a5 10. a4 O-O 11. Na3 h6 12. Nb5 Bg4 13. h3 Bxf3 14. Bxf3 Qd7 15. Bg2
Rad8 16. Be3 b6 17. d4 cxd4 18. cxd4 d5 19. exd5 Nxd5 20. dxe5 Nxe5 21. Bd4 Nc6
22. Bxg7 Kxg7 23. Rc1 Ncb4 24. Qd4+ Kg8 25. Kh2 Qf5 26. Re5 Qd3 27. Qh4 Qd2 28.
Rf1 Qxb2 29. Re4 Kg7 30. Rd4 Nf6 31. Nd6 g5 32. Nf5+ Kg6 33. Qxh6+ Kxf5 34. g4+
Ke5 35. Re1+ 1-0

[Event "IX American Continental Classical Championship 201"]
[Site "Hotel Pipa AtlÃ¢ntico - Praia da Pipa - Rio Grande"]
[Date "2014.10.21"]
[Round "5"]
[Board "32"]
[White "Brito, Luismar"]
[Black "Beckerman, M."]
[Result "1-0"]
[WhiteElo "2261"]
[BlackElo "2019"]
[PlyCount "71"]
[EventDate "2014.10.18"]
[EventRounds "11"]
[EventCountry "BRA"]

1. e4 e6 2. Nf3 d5 3. Nc3 Nf6 4. e5 Nfd7 5. d4 c5 6. dxc5 Bxc5 7. Bd3 Nc6 8.
Bf4 a6 9. O-O h6 10. Bg3 O-O 11. Qe2 b5 12. a3 Bb7 13. b4 Ba7 14. Rad1 Rc8 15.
Qd2 Nd4 16. Nxd4 Bxd4 17. Bh7+ Kxh7 18. Qxd4 Nb6 19. Ne2 Rc4 20. Qd3+ g6 21. f4
Qe7 22. Bf2 Na4 23. Bd4 Rfc8 24. Rd2 Qc7 25. c3 Rc6 26. g4 Rg8 27. Rf3 Bc8 28.
Ng3 Kg7 29. Rg2 Bd7 30. f5 Be8 31. Nh5+ Kf8 32. fxg6 Ke7 33. gxf7 Bxf7 34.
Rxf7+ Kxf7 35. Qh7+ Ke8 36. Nf6+ 1-0

[Event "IX American Continental Classical Championship 201"]
[Site "Hotel Pipa AtlÃ¢ntico - Praia da Pipa - Rio Grande"]
[Date "2014.10.21"]
[Round "5"]
[Board "33"]
[White "Daneri, Martin"]
[Black "Caetano, Hugo Zanotti Mendonca"]
[Result "1-0"]
[WhiteElo "2099"]
[BlackElo "2209"]
[PlyCount "71"]
[EventDate "2014.10.18"]
[EventRounds "11"]
[EventCountry "BRA"]

1. e4 c5 2. Nc3 Nc6 3. Bb5 g6 4. Bxc6 dxc6 5. d3 Bg7 6. Be3 b6 7. Qd2 h6 8. f4
Nf6 9. h3 Nd7 10. Nf3 Qc7 11. O-O-O a5 12. Kb1 Bb7 13. e5 O-O-O 14. Qf2 Kb8 15.
Rhe1 Nf8 16. d4 cxd4 17. Nxd4 Nh7 18. a4 c5 19. Ncb5 Qd7 20. Nb3 Qxd1+ 21. Rxd1
Rxd1+ 22. Ka2 Bd5 23. Bxc5 Bxb3+ 24. cxb3 bxc5 25. Qxc5 Rd7 26. Nd4 Rc7 27.
Nc6+ Kb7 28. Nxa5+ Kc8 29. Nc6 Kb7 30. Qb5+ Kc8 31. a5 Rb7 32. Qc5 Kd7 33. a6
Rc7 34. Qd5+ Kc8 35. a7 Kb7 36. Qb5+ 1-0

[Event "IX American Continental Classical Championship 201"]
[Site "Hotel Pipa AtlÃ¢ntico - Praia da Pipa - Rio Grande"]
[Date "2014.10.21"]
[Round "5"]
[Board "34"]
[White "Meneghetti, Alexandre"]
[Black "Silveira Filho, Neri Da Silva"]
[Result "0-1"]
[WhiteElo "1708"]
[BlackElo "2200"]
[PlyCount "38"]
[EventDate "2014.10.18"]
[EventRounds "11"]
[EventCountry "BRA"]

1. e4 g6 2. Nf3 Bg7 3. d4 d6 4. b3 c5 5. Bb2 Bg4 6. Be2 Nc6 7. c3 cxd4 8. Nxd4
Bd7 9. Nd2 Nf6 10. O-O O-O 11. Bd3 a6 12. a4 d5 13. Nxc6 bxc6 14. c4 d4 15. e5
Ng4 16. Bxd4 Nxe5 17. Bc2 Bg4 18. Nf3 Bxf3 19. gxf3 Qxd4 0-1

[Event "IX American Continental Classical Championship 201"]
[Site "Hotel Pipa AtlÃ¢ntico - Praia da Pipa - Rio Grande"]
[Date "2014.10.21"]
[Round "5"]
[Board "35"]
[White "Cabezas Rojas, Bastian"]
[Black "Mafra, Kaiser Luiz"]
[Result "1/2-1/2"]
[WhiteElo "1942"]
[BlackElo "2148"]
[PlyCount "40"]
[EventDate "2014.10.18"]
[EventRounds "11"]
[EventCountry "BRA"]

1. d4 Nf6 2. Nf3 g6 3. g3 Bg7 4. Bg2 O-O 5. O-O d6 6. c4 Nbd7 7. Nc3 a6 8. e4
Rb8 9. Qe2 b5 10. e5 Ne8 11. e6 fxe6 12. Ng5 Ndf6 13. Nxe6 Bxe6 14. Qxe6+ Rf7
15. Ne4 Nxe4 16. Bxe4 Nf6 17. Bg2 Qe8 18. Bg5 Kh8 19. c5 h6 20. Be3 Rf8 1/2-1/2

[Event "IX American Continental Classical Championship 201"]
[Site "Hotel Pipa AtlÃ¢ntico - Praia da Pipa - Rio Grande"]
[Date "2014.10.21"]
[Round "5"]
[Board "36"]
[White "Fiaes, Mario Henrique Andrade"]
[Black "Molina, Roberto Junio Brito"]
[Result "0-1"]
[WhiteElo "2070"]
[BlackElo "2425"]
[PlyCount "126"]
[EventDate "2014.10.18"]
[EventRounds "11"]
[EventCountry "BRA"]

1. d4 d5 2. c4 c6 3. Nc3 dxc4 4. e3 b5 5. a4 b4 6. Ne4 a5 7. Bxc4 e6 8. Nf3 Nd7
9. O-O Ngf6 10. Ng3 Be7 11. Re1 O-O 12. e4 Bb7 13. Qe2 Re8 14. Bg5 h6 15. Bf4
c5 16. Red1 cxd4 17. Rxd4 Bc5 18. Rd2 Qb6 19. Ne5 Nf8 20. Qf3 N8h7 21. Nd7 Nxd7
22. Rxd7 Nf6 23. Rd2 Bd4 24. Rad1 Rad8 25. h3 e5 26. Be3 Bxe3 27. fxe3 Rxd2 28.
Rxd2 Rd8 29. Bd5 Bxd5 30. exd5 Qc5 31. Kh2 Rxd5 32. Rf2 Qc7 33. e4 Rd6 34. Nf5
Re6 35. Rd2 Kh7 36. Qd1 g6 37. Rc2 Qb8 38. Ng3 h5 39. Qc1 h4 40. Nf1 Qf8 41.
Rc5 Nxe4 42. Rxa5 Nd6 43. Qe1 Nf5 44. Ne3 Ng3 45. Rb5 e4 46. Rxb4 Qd6 47. Rb7
Rf6 48. Kg1 Qd3 49. Kh2 Qxe3 50. Qxe3 Nf1+ 51. Kg1 Nxe3 52. a5 Rf1+ 53. Kh2 Kg7
54. g4 Ra1 55. b4 Nd5 56. Rb5 Nf4 57. Re5 Ra2+ 58. Kg1 Nxh3+ 59. Kf1 Ra1+ 60.
Ke2 Ng1+ 61. Kf2 h3 62. Rxe4 h2 63. Kg2 Nf3 0-1

[Event "IX American Continental Classical Championship 201"]
[Site "Hotel Pipa AtlÃ¢ntico - Praia da Pipa - Rio Grande"]
[Date "2014.10.21"]
[Round "5"]
[Board "37"]
[White "Pereira, Silvio Cunha"]
[Black "Hernandez Amura, Gilberto"]
[Result "1-0"]
[WhiteElo "2335"]
[BlackElo "2061"]
[PlyCount "77"]
[EventDate "2014.10.18"]
[EventRounds "11"]
[EventCountry "BRA"]

1. e4 c5 2. Nf3 e6 3. d4 cxd4 4. Nxd4 Nc6 5. Be3 Qc7 6. Nc3 a6 7. a3 Nf6 8. Be2
b5 9. O-O Bb7 10. f4 h5 11. h3 Nxd4 12. Qxd4 Rc8 13. Bf3 Bc5 14. Qxc5 Qxc5 15.
Bxc5 Rxc5 16. Rad1 e5 17. Rfe1 O-O 18. f5 a5 19. Rd2 h4 20. Nd1 Rfc8 21. c3 Kf8
22. Nf2 Rc4 23. Ng4 Nxg4 24. hxg4 Ke7 25. g5 R8c7 26. Kf2 b4 27. cxb4 axb4 28.
axb4 Rxb4 29. Rh1 Bxe4 30. Rxh4 d5 31. Bxe4 Rxe4 32. Rxe4 dxe4 33. b4 Rb7 34.
Rb2 f6 35. g6 Kd6 36. b5 Kc5 37. Ke3 Rxb5 38. Rxb5+ Kxb5 39. g4 1-0

[Event "IX American Continental Classical Championship 201"]
[Site "Hotel Pipa AtlÃ¢ntico - Praia da Pipa - Rio Grande"]
[Date "2014.10.21"]
[Round "5"]
[Board "38"]
[White "Sega, Carlos Alberto"]
[Black "Hurtado Bahamonde, Rodrigo"]
[Result "1-0"]
[WhiteElo "2218"]
[BlackElo "2040"]
[PlyCount "105"]
[EventDate "2014.10.18"]
[EventRounds "11"]
[EventCountry "BRA"]

1. c4 Nf6 2. g3 g6 3. Bg2 Bg7 4. Nc3 c5 5. d3 O-O 6. e4 d6 7. Nge2 Nc6 8. O-O
Bg4 9. f3 Bd7 10. Be3 Ne8 11. Rb1 Nc7 12. d4 cxd4 13. Nxd4 Ne6 14. Nde2 Qa5 15.
Qd2 Qb4 16. b3 a6 17. a4 Nc7 18. Rfd1 Rfd8 19. Kh1 Be8 20. f4 Rdb8 21. Nd5 Nxd5
22. exd5 Qxd2 23. Rxd2 Nb4 24. a5 Bd7 25. Bb6 Bf5 26. Rc1 Nd3 27. Rcd1 Nc5 28.
b4 Ne4 29. Ra2 Bc3 30. g4 Bxg4 31. Bxe4 Bxb4 32. Rb2 Rc8 33. Bd3 Ba3 34. Rb3
Bc5 35. Kg2 Rab8 36. Ra1 Kg7 37. Ng3 Bd7 38. Bxc5 Rxc5 39. Ne4 Rc7 40. Kf2 Bf5
41. Ke3 Bxe4 42. Kxe4 f5+ 43. Kd4 Kf6 44. Rb6 Rc5 45. h4 Kf7 46. Kc3 Ke8 47.
Kb4 Kd7 48. Rb1 Rcc8 49. h5 Rg8 50. hxg6 hxg6 51. Re1 Rh8 52. c5 dxc5+ 53. Kxc5
 1-0

[Event "IX American Continental Classical Championship 201"]
[Site "Hotel Pipa AtlÃ¢ntico - Praia da Pipa - Rio Grande"]
[Date "2014.10.21"]
[Round "5"]
[Board "39"]
[White "Cruz, William Ferreira Da"]
[Black "Rothebarth, Ana Vitoria De Pau"]
[Result "1-0"]
[WhiteElo "2217"]
[BlackElo "2042"]
[PlyCount "73"]
[EventDate "2014.10.18"]
[EventRounds "11"]
[EventCountry "BRA"]

1. d4 Nf6 2. c4 e6 3. Nc3 Bb4 4. Nf3 b6 5. Bg5 Bb7 6. Nd2 Bxc3 7. bxc3 d5 8.
cxd5 exd5 9. e3 O-O 10. Bd3 Nbd7 11. O-O Qe7 12. Qe2 Rfe8 13. Rae1 h6 14. Bh4
Qa3 15. Nb1 Qa5 16. f3 c5 17. Qf2 Ba6 18. Bxa6 Qxa6 19. e4 cxd4 20. cxd4 Rac8
21. e5 Nh7 22. f4 Qd3 23. Rd1 Qf5 24. Na3 g5 25. Bg3 a6 26. Rd2 g4 27. Nc2 h5
28. Ne3 Qe6 29. f5 Qc6 30. f6 Qe6 31. Nf5 Nhxf6 32. exf6 Nxf6 33. Nd6 Ne4 34.
Nxe4 dxe4 35. Qe3 Qg6 36. Rdf2 Re7 37. Rf6 1-0

[Event "IX American Continental Classical Championship 201"]
[Site "Hotel Pipa AtlÃ¢ntico - Praia da Pipa - Rio Grande"]
[Date "2014.10.21"]
[Round "5"]
[Board "40"]
[White "Rocha, Vitor Firmo De Souza"]
[Black "Tapia Fuentes, Jaime"]
[Result "0-1"]
[WhiteElo "2041"]
[BlackElo "2208"]
[PlyCount "148"]
[EventDate "2014.10.18"]
[EventRounds "11"]
[EventCountry "BRA"]

1. e4 c5 2. Nf3 d6 3. Bb5+ Nc6 4. O-O Bd7 5. Re1 Nf6 6. c3 a6 7. Bf1 Bg4 8. h3
Bh5 9. g4 Bg6 10. d4 cxd4 11. cxd4 d5 12. exd5 Nxd5 13. Qb3 Na5 14. Qd1 e6 15.
Nc3 Be7 16. Ne5 O-O 17. Bg2 Nxc3 18. bxc3 Rc8 19. Bd2 Qc7 20. Bf1 Rfd8 21. Qf3
b5 22. Bd3 Bd6 23. Nxg6 hxg6 24. a4 Nb3 25. Ra2 Nxd2 26. Rxd2 Qxc3 27. Red1
bxa4 28. Qb7 Qc6 29. Bxa6 Qxb7 30. Bxb7 Rc7 31. Be4 Rc3 32. Kg2 Rb8 33. d5 e5
34. Bb1 Kf8 35. Ba2 Ke7 36. f3 a3 37. Kf2 Bc5+ 38. Kg2 Kd6 39. Re2 g5 40. Rdd2
Bd4 41. Rd1 Rb4 42. Bb1 Rcb3 43. Ba2 Rc3 44. Bb1 Rb5 45. Ba2 Rb8 46. Bb1 Rbc8
47. Ba2 f6 48. Rde1 Rc1 49. Kf1 R8c3 50. Rxc1 Rxc1+ 51. Kg2 Kc5 52. Kh2 Kb4 53.
Kg3 Ra1 54. d6 Rxa2 55. Rxa2 Kb3 56. d7 Bb6 57. Re2 Ba5 58. Re3+ Kb2 59. Re2+
Kb1 60. Kg2 a2 61. Re1+ Bxe1 62. d8=Q a1=Q 63. Qd1+ Kb2 64. Qe2+ Kb3 65. Qb5+
Bb4 66. Qd5+ Ka3 67. Qa8+ Kb2 68. Qb7 Qe1 69. Qb5 Qd2+ 70. Kg1 Kc1 71. Kf1 Bc3
72. Qc4 Qd1+ 73. Kg2 Qc2+ 74. Kh1 Bd4 0-1

[Event "IX American Continental Classical Championship 201"]
[Site "Hotel Pipa AtlÃ¢ntico - Praia da Pipa - Rio Grande"]
[Date "2014.10.21"]
[Round "5"]
[Board "41"]
[White "Xavier, Lucca Lucas"]
[Black "Hernandez Riera, Jose"]
[Result "0-1"]
[WhiteElo "2039"]
[BlackElo "2203"]
[PlyCount "74"]
[EventDate "2014.10.18"]
[EventRounds "11"]
[EventCountry "BRA"]

1. e4 c6 2. d4 d5 3. Nd2 dxe4 4. Nxe4 Nf6 5. Nxf6+ exf6 6. Nf3 Bd6 7. Bd3 O-O
8. O-O Bg4 9. h3 Bh5 10. Re1 Nd7 11. c4 c5 12. Bf5 cxd4 13. Qxd4 Bxf3 14. Qxd6
Qa5 15. Bxh7+ Kxh7 16. Qd3+ Kg8 17. Bd2 Ne5 18. Bxa5 Nxd3 19. Re3 Ne5 20. gxf3
Nxc4 21. Bb4 Nxe3 22. Bxf8 Nc2 23. Rc1 Nd4 24. Rd1 Rd8 25. Rxd4 Rxd4 26. Bc5
Rd2 27. Bxa7 Rxb2 28. a3 Rb3 29. Bc5 Rxf3 30. Kg2 Rd3 31. a4 f5 32. a5 f6 33.
f3 f4 34. Bb6 Rd2+ 35. Kg1 Rc2 36. Bd4 Kf7 37. Bb6 Kg6 0-1

[Event "IX American Continental Classical Championship 201"]
[Site "Hotel Pipa AtlÃ¢ntico - Praia da Pipa - Rio Grande"]
[Date "2014.10.21"]
[Round "5"]
[Board "42"]
[White "Cavalcanti, Francisco De Assis"]
[Black "Reboucas, Deive Pacheco"]
[Result "1-0"]
[WhiteElo "2186"]
[BlackElo "2008"]
[PlyCount "89"]
[EventDate "2014.10.18"]
[EventRounds "11"]
[EventCountry "BRA"]

1. e4 c5 2. Nf3 Nc6 3. Bb5 e6 4. O-O Nge7 5. c3 a6 6. Ba4 b5 7. Bc2 Bb7 8. Qe2
g6 9. d3 Bg7 10. Bg5 Qc7 11. Qe3 d6 12. Nbd2 h6 13. Bf4 e5 14. Bg3 O-O 15. Ne1
g5 16. f3 Ng6 17. a3 Rae8 18. Bf2 a5 19. a4 b4 20. Nc4 Nf4 21. Qd2 Ne7 22. Ne3
Qd7 23. Bb3 Kh8 24. Nc4 g4 25. Nxa5 gxf3 26. Nxf3 bxc3 27. bxc3 Bc8 28. Nc4
Nxg2 29. Bg3 Nf4 30. Bxf4 exf4 31. Qxf4 Ng6 32. Qxd6 Qg4+ 33. Qg3 Qh5 34. Nd6
Be5 35. Nxe5 Rxe5 36. Kh1 Rg5 37. Qf2 Bh3 38. Rg1 Bg4 39. Bd1 Ne5 40. d4 cxd4
41. cxd4 Bxd1 42. Raxd1 Ng4 43. Qe2 Kg8 44. Nf5 Rb8 45. Rxg4 1-0